Flash 5 : Průvodce uživatele /

Saved in:
Bibliographic Details
Main Authors: Fotr, Jiří (Author), Schneider, Zdenek (Author)
Format: Book
Language:Czech
Published: Praha : Computer Press, 2000
Edition:1.
Tags: Add Tag
No Tags, Be the first to tag this record!

MARC

LEADER 00000nam a22000003a 4500
001 stu60977
005 20150617225651.9
008 010807s2000----xr------------------cze-d
020 |a 80-7226-415-X 
040 |a STU  |b slo 
041 0 |a cze 
044 |a xr 
080 |a 681.3.066 Flash 5 
100 1 |a Fotr, Jiří  |4 aut 
245 1 |a Flash 5 :  |b Průvodce uživatele /  |c Flash 5: Pro grafiky a tvůrce webů 
250 |a 1. 
260 |a Praha :  |b Computer Press,  |c 2000 
300 |a 199 s  |c CD-ROM 
700 1 |a Schneider, Zdenek  |4 aut 
996 |c I*12GA10457  |l II680  |s A  |a 24  |w stu60977_0001 
996 |b 284J004575  |c J*97872  |l JJSK  |s A  |a 24  |w stu60977_0002